Lineárna algebra s využitím programu Maxima bakalárska práca

Gespeichert in:
Bibliographische Detailangaben
1. Verfasser: Šéryová, Viktória
Körperschaft: Fakulta hospodárskej informatiky EU. Katedra matematiky a aktuárstva
Weitere Verfasser: Fecenko, Jozef
Format: Buch
Sprache:Slowakisch
Veröffentlicht: Bratislava 2021
Tags: Tag hinzufügen
Keine Tags, Fügen Sie das erste Tag hinzu!

MARC

LEADER 00000nbm a2200000 4500
001 0276225
005 20220311132436.7
041 0 |a slo 
044 |a SK 
245 1 0 |a Lineárna algebra s využitím programu Maxima  |b bakalárska práca  |c Viktória Šéryová ; školiteľ: Jozef Fecenko 
264 1 |a Bratislava  |c 2021 
300 |a 57 s. 
100 1 |a Šéryová, Viktória 
700 1 |a Fecenko, Jozef 
710 2 |a Fakulta hospodárskej informatiky EU. Katedra matematiky a aktuárstva